आनंद ही आनंद;पंचदशी के अध्याय 14 की व्याख्या / (Record no. 200542)

MARC details
000 -LEADER
fixed length control field 00705nam a22001817a 4500
005 - DATE AND TIME OF LATEST TRANSACTION
control field 20240321114517.0
010 ## - LCCN (DPL NO)
LC control number HIN-126839
020 ## - INTERNATIONAL STANDARD BOOK NUMBER
International Standard Book Number 9789384535858
Terms of availability 125.00
035 ## - SYSTEM CONTROL NUMBER
System control number HN-99185
037 ## - SOURCE OF ACQUISITION
Source of stock number/acquisition DBAD/PUB
082 ## - DEWEY DECIMAL CLASSIFICATION NUMBER
Classification number 230.51
100 ## - MAIN ENTRY--PERSONAL NAME
Personal name अनुभवानंद
245 ## - TITLE STATEMENT
Title आनंद ही आनंद;पंचदशी के अध्याय 14 की व्याख्या /
Statement of responsibility, etc स्वामी अनुभवानन्द
260 ## - PUBLICATION, DISTRIBUTION, ETC. (IMPRINT)
Place of publication, distribution, etc Bhopal
Name of publisher, distributor, etc Indra Publishing House
Date of publication, distribution, etc 2017
270 ## - ADDRESS
City Bhopal
Address Habibganj police station Road,
Postal code 462016
300 ## - PHYSICAL DESCRIPTION
Extent 138पृ.
Dimensions 22सेमी.(अजिल्द)
942 ## - ADDED ENTRY ELEMENTS (KOHA)
Source of classification or shelving scheme Dewey Decimal Classification
Item type Hindi Books
Classification part 230.51
Call number suffix अनुभ
Holdings
Withdrawn status Lost status Not for loan Collection code Home library Current library Date acquired Source of acquisition Cost, normal purchase price Full call number Barcode Copy number Cost, replacement price Koha item type
      Non-fiction Peshwa Road Peshwa Road 02/02/2024 DBAD/PUB 125.00 230.51 अनुभ HN-99185 1 125.00 Hindi Books

© Delhi Public Library
Hit Counter
free hit counter